000 00512nam a22001817a 4500
003 UA-OsUOA
001 11343
007 ta
008 20050315b un ||||| |||| 00| 0 ukr d
100 _aАврамчук О.
942 _cSA
040 _aUA-OsUOA
_cUA-OsUOA
_dUA-OsUOA
245 _a... Солов'їв слухати треба :[Оповідання]
300 _aС.70-71
955 _a0
773 0 _w0
_tДивослово
_dКиїв
_d2005
_g№3
650 7 _aХудожня література
_2UDC
999 _c297504
_d297504